o século do povo português 1960-1974 (Registo nº 574)
[ vista simples ]
| 000 -Etiqueta do registo | |
|---|---|
| Cabeçalho | 00826nam a2200289 4500 |
| 005 - Identificador da versão | |
| Campo de controlo | 20240813121807.0 |
| 010 ## - Número internacional normalizado dos livros (ISBN) | |
| Número (ISBN) | 9727191584 |
| 021 ## - Número do Depósito Legal | |
| Código do país | ES |
| Número | M-47.687-01 |
| 035 ## - Other System Control Numbers | |
| System Control Number | 0000597 |
| System Control Number | 0000593 |
| System Control Number | 0000593 |
| System Control Number | 0000583 |
| 100 ## - Dados gerais de processamento | |
| Dados gerais de processamento | 20020308d200 m y0pory5003 ba |
| 102 ## - Pais de publicação ou produção | |
| País de publicação | Portugal |
| 101 0# - Língua de publicação | |
| Língua do texto, banda sonora, etc. | Português |
| 215 ## - Descrição física | |
| Indicação específica da natureza do documento e extensão da espécie | 141 p. |
| Outras indicações físicas | il. |
| Dimensões | 26 cm |
| 200 1# - Titulo e menção de responsabilidade | |
| Título próprio | o século do povo português 1960-1974 |
| Informação de outro título | Eduardo Cintra Torres, Luís Marinho |
| 210 ## - Publicação, Distribuição, etc. | |
| Lugar da edição, distribuição, etc. | Alfragide |
| Nome do editor, distribuidor, etc. | Ediclube - Edição e promoção do Livro, Lda. |
| Data da publicação, distribuição, etc. | 2002 |
| 305 ## - Notas relativas à edição e história bibliográfica da publicação | |
| Texto da nota | Edição exclusiva de S.A.P.E., Madrid, 2001 para Ediclube |
| 675 ## - Classificação Decimal Universal (CDU) | |
| Notação | 94(469) |
| Edição | BN |
| Língua da edição | por |
| 701 ## - Nome de autor-pessoa física (co-responsabilidade principal) | |
| Palavra de ordem | Marinho |
| Outra parte do nome não tomada para palavra de ordem | Luís |
| 700 ## - Nome de autor-pessoa física (responsabilidade principal) | |
| Número de registo de entrada de autoridade | 0000684 |
| Palavra de ordem | Torres |
| Outra parte do nome não tomada para palavra de ordem | Eduardo Cintra |
| 942 ## - Elementos de entrada adicionados (Koha) | |
| Tipo de item no Koha | Livro |
| Situação do levantamento | Origin of item (home branch) (coded) | Biblioteca de empréstimo | Código de barras | Cota | Circulation type (not for loan) | Tipo de documento | Nota do exemplar | Damaged status |
|---|---|---|---|---|---|---|---|---|
| Biblioteca Escolar Eng. Nuno Mergulhão | Biblioteca Escolar Eng. Nuno Mergulhão | BENM579 | 9PT TOR | Cativo | Sem mensagem | |||
| Biblioteca Escolar Eng. Nuno Mergulhão | Biblioteca Escolar Eng. Nuno Mergulhão | BENM580 | 9PT TOR | Cativo | Sem mensagem | |||
| Biblioteca Escolar Eng. Nuno Mergulhão | Biblioteca Escolar Eng. Nuno Mergulhão | BENM581 | 9PT TOR | Cativo | Sem mensagem | |||
| Biblioteca Escolar Eng. Nuno Mergulhão | Biblioteca Escolar Eng. Nuno Mergulhão | BENM582 | 9PT TOR | Cativo | Sem mensagem | |||
| Biblioteca Escolar Eng. Nuno Mergulhão | Biblioteca Escolar Eng. Nuno Mergulhão | BENM583 | 9PT TOR | Cativo | Sem mensagem | |||
| Biblioteca Escolar Eng. Nuno Mergulhão | Biblioteca Escolar Eng. Nuno Mergulhão | BENM584 | 9PT TOR | Cativo | Sem mensagem | |||
| Biblioteca Escolar Eng. Nuno Mergulhão | Biblioteca Escolar Eng. Nuno Mergulhão | BENM585 | 9PT TOR | Cativo | Sem mensagem |
